| 000 | 00368nam a22001457a 4500 | ||
|---|---|---|---|
| 003 | macl | ||
| 005 | 20190818152909.0 | ||
| 008 | 190818b xxu||||| |||| 00| 0 eng d | ||
| 040 | _cmacl | ||
| 100 |
_aSirohi, P K _976333 |
||
| 245 | _aRiver Pollution in India and its Management | ||
| 260 |
_aDelhi _bNisha Pub _c2018 |
||
| 650 |
_aManagement _976334 |
||
| 942 |
_2ddc _cBK |
||
| 999 |
_c60798 _d60798 |
||